| 000 | 00856nam a2200229 a 4500 | ||
|---|---|---|---|
| 001 | 000011248 | ||
| 005 | 20240412074224.0 | ||
| 008 | 091015s2000 dr 000 p spa d | ||
| 020 | _a9993433012 | ||
| 040 |
_aDO-SdBNP _bspa _cBNPHU |
||
| 082 |
_aRD864.44 _bV732zw |
||
| 100 | 1 |
_aWilson Jay, Marino _926813 |
|
| 245 | 1 | 0 |
_aEnsayos sobre la poesía de Víctor Villegas / _cMarino Wilson Jay, Gualterio Núñez Estrada. |
| 260 |
_aSanto Domingo : _bMediabyte, _c2000. |
||
| 300 |
_a85 p. ; _c21 cm. |
||
| 500 | _aIncluye datos biográficos del autor en la contracubierta. | ||
| 500 | _aIncluye referencias bibliográficas y notas al pie de las páginas | ||
| 600 | 1 | 4 |
_aVILLEGAS, VICTOR, _d1924- _xCRÍTICA E INTERPRETACIÓN _923601 |
| 650 | 0 |
_aPoesía dominicana _966 |
|
| 650 | 0 |
_aLiteratura dominicana. _967 |
|
| 910 | _aValidado. Control de calidad MFF | ||
| 999 |
_c10967 _d10967 |
||